[Event "Steinfurt Bezirksliga 0607"]
[Site "Germany"]
[Date "2006.09.30"]
[Round "2.8"]
[White "Heitmann, Steffen"]
[Black "Pohlmeier, Ulrich"]
[Result "1/2-1/2"]
[WhiteElo "1426"]
[BlackElo "1589"]
[PlyCount "56"]
[EventDate "2006.09.09"]
[EventType "team-tourn"]
[EventRounds "9"]
[EventCountry "GER"]
[SourceTitle "EXT 2008"]
[Source "ChessBase"]
[SourceDate "2007.11.25"]
[SourceVersion "1"]
[SourceVersionDate "2007.11.25"]
[SourceQuality "1"]
[WhiteTeam "Nordwalde II"]
[BlackTeam "Rheine Klein Berlin II"]
[WhiteTeamCountry "GER"]
[BlackTeamCountry "GER"]

1. e4 e5 2. Nf3 Nc6 3. Bc4 Nf6 4. d3 d5 5. exd5 Nxd5 6. 0-0 Bg4 7. Bg5 f6 8. Be3 Qd6 9. Nbd2 Nxe3 10. fxe3 0-0-0 11. e4 Qc5+ 12. Kh1 Qb6 13. h3 Bh5 14. Qc1 Bc5 15. Nb3 Be3 16. Qe1 Nb4 17. Qc3 Kb8 18. a3 Nc6 19. Rab1 Rhf8 20. Nh4 g5 21. Nf5 Bg6 22. Nxe3 Qxe3 23. Rbe1 Qg3 24. Bd5 Rd6 25. Nc5 Bf7 26. Bxc6 Rxc6 27. Qb4 Rxc5 28. Qxc5 Re8 1/2-1/2